000 00478nam a2200169Ia 4500
003 SGT
020 _a9780070669017
082 _a3.54
_bBOS
100 _aBose,Ranjan
245 _aInformation theory coding cryptography
250 _a2nd Ed.
260 _bTata McGraw Hill Education Private Limited
_aNew Delhi
_c2012
300 _a326p.
650 _aCOMPUTER SCIENCE
653 _aCHANNEL CAPACITY AND CODING, CYCLIC CODES, BOSE-CHAUDHIURI HOCQUENGHEM
942 _2ddc
_cBK
_01
999 _c5424
_d5424